Normal view
MARC view
- BROWN, ROBERT G,THALER, GEORGE J
Entry Personal Name
001 - CONTROL NUMBER
- control field: 80334
003 - CONTROL NUMBER IDENTIFIER
- control field: NUST
005 - DATE AND TIME OF LATEST TRANSACTION
- control field: 20210628210640.0
008 - FIXED-LENGTH DATA ELEMENTS
- fixed length control field: 210628|| aca||aabn | a|a d
040 ## - CATALOGING SOURCE
- Original cataloging agency: NUST
- Transcribing agency: NUST
100 ## - HEADING--PERSONAL NAME
- Personal name: BROWN, ROBERT G,THALER, GEORGE J
670 ## - SOURCE DATA FOUND
- Source citation: Work cat.: (NUST): BROWN, ROBERT G,THALER, GEORGE J, ANALYSIS AND DESIGN OF FEEDBACK CONTROL SYSTENS FORMERLY SERVOMECHANISM ANALYSIS, 1960
